000 00692nam a2200289Ia 4500
005 20260324143620.0
008 008 260324s9999 xx 000 0 eng d
020 _a9781003172918
037 _aEBOOK
040 _aCRL
040 _beng
040 _cCRL
041 _2eng
041 _aeng
084 _qCRL
100 _aColin Pooley; Ian Whyte
_91216298
245 0 _aMigrants, Emigrants and Immigrants
245 2 _bA Social History of Migration
260 _bTaylor and Francis
260 _c1991
365 _a
365 _b170
856 _uhttp://www.taylorfrancis.com/books/9781003172918
942 _cEBOOK
999 _c1821885
_d1821885